banner-ar

صقر قريش / (Record no. 59760)

MARC details
000 -الفاتح
حقل البيانات ثابتة الطول 00592nam a22001937a 4500
005 - وقت وتاريخ اخر تعامل مع التسجيلة
رقم الضبط 20240530110334.0
008 - عناصر البيانات ثابتة الطول - معلومات عامة
حقل البيانات ثابتة الطول 140826b ua dr|||| 00| 0 ara d
017 ## - رقم الايداع القانونى
رقم الايداع القانونى 9303
المصدر ( الهيئة المختصة) مصر . دار الكتب المصرية
020 ## - الرقم الدولى المعيارى للكتب
الرقم الدولى المعيارى للكتاب 9771401009
040 ## - مصدر الفهرسة
وكالة الفهرسة الأصلية EG-CaGPL
082 04 - رقم تصنيف ديوى العشرى
رقم الطبعة 21
رقم التصنيف 929.4
رقم المادة ع ص
100 0# - المدخل الرئيسى - إسم شخصى
الإسم الشخصى عبدالسلام العشرى
245 10 - بيان العنوان
العنوان صقر قريش /
بيان المسئوليه,etc عبدالسلام العشرى
300 ## - الوصف المادى
التعداد 318 ص ؛
أبعاد الوعاء 19 سم
490 ## - بيان السلسلة
عنوان السلسلة رجال مشاهير
650 07 - المدخل الاضافى بالموضوع-مصطلح موضوعى
التقسيم الفرعي العام الرجال - تراجم
942 ## - عناصر المدخل الإضافي( كوها)
مصدر التصنيف او مخطط الترفيف Dewey Decimal Classification
Koha [default] item type كتاب
260 ## - PUBLICATION, DISTRIBUTION, ETC. (IMPRINT)
-- القاهرة :
-- نهضة مصر
Holdings
حالة التراجع حالة الفقد حالة تلف ليس للاعارة المكان المؤقت الموقع الحالى تاريخ الاكتساب اجمالي اﻻعارات رقم الطلب الباركود تاريخ اخر مشاهدة تاريخ تفعيل السعر نوع وعاء كوها
        مكتبة القاهرة الكبرى مكتبة القاهرة الكبرى 08/26/2014   929.4 ع ص 158680 08/26/2014 08/26/2014 كتاب

Powered By

EGPV